000 00797nam a22002417a 4500
003 OSt
005 20161008151336.0
008 161008b xxu||||| |||| 00| 0 eng d
020 _a0-03-067284-8
040 _cLIC
082 _22003
_aDC 808.19
_bB39e
100 _915882
_aBeers, Kylene
245 _aElements of literature:
_bsixth course: literature of Britain with world classics/
_cKylene Beers...[and four others].
260 _aAustin:
_bHolt, Rinehart and Winston,
_cc2003.
300 _alix, 1284 pages:
_bcolor illustrations;
_c26 cm.
500 _aIncludes indexes.
650 0 _915883
_aLiterature
_zBritain
700 _915884
_aProbst, Robert E.
700 _915885
_aAnderson, Robert
700 _915887
_aBrinnin, John Malcolm
700 _915888
_aLeggett, John
942 _2ddc
_cDC
999 _c5093
_d5093